Die bekanntesten Sänger/Bands von jedem Land - Statistiken

Allgemein
  • Dieses Quiz wurde 439 mal gespielt
  • Das Durchschnittsergebnis liegt bei 12 aus 32
Antwortstatistiken
Bildquiz Hint Antwort % Korrekt
Vereinigtes Königreich Ed Sheeran
93%
Schweden ABBA
87%
Kolumbien Shakira
82%
Südkorea Psy
72%
Australien Sia
71%
Deutschland Rammstein
64%
Schweiz DJ Bobo
60%
Kanada Shawn Mendes
60%
USA Madonna
57%
Österreich Falco
55%
Albanien Dua Lipa
51%
Barbados Rihana
47%
Kuba Camila Cabello
46%
Belgien Stromae
42%
Frankreich Daft Punk
38%
Spanien Enrique Iglesias
34%
Neuseeland Lorde
29%
Norwegen A-ha
27%
Jamaika Sean Paul
22%
Russland t.A.T.u.
22%
Italien Eros Ramazzotti
18%
Puerto Rico Daddy Yankee
13%
Türkei Tarkan
12%
Niederlande Martin Garrix
11%
Rumänien Alexandra Stan
8%
Irland The Cranberries
8%
Armenien System of a Down
7%
Dänemark Aqua
4%
Bahamas Baha Men
4%
Kosovo Era Istrefi
4%
Island Of Monsters and Men
4%
Japan Kyary Pamyu Pamyu
1%
Keine übereinstimmenden Quizze gefunden
Verteilung der Resultate
Anzahl Personen mit jedem Resultat
Perzentil nach korrekt beantworteten Fragen
Ihre Resultats-Entwicklung
Sie haben dieses Quiz noch nicht gespielt